[Event "FIDE Zonal 2.5-W 2019"]
[Site "Montevideo"]
[Date "2019.04.16"]
[Round "5.4"]
[White "Brizzi, Milagros Tatiana"]
[Black "Gomez Barrera, Javiera Belen"]
[Result "0-1"]
[WhiteElo "2126"]
[BlackElo "2016"]
[Annotator "NA"]
[PlyCount "136"]
[EventDate "2019.04.13"]
[EventType "swiss"]
[EventCountry "URU"]
[SourceTitle "playchess.com"]
[Source "ChessBase"]
[SourceQuality "1"]
[TimeControl "40/5400+30:1800+30"]

1. e4 e5 {[%emt 0:04:31]} 2. Nf3 {[%emt 0:00:00]} Nc6 {[%emt 0:00:06]} 3. d4 {[%emt 0:00:08]} exd4 {[%emt 0:00:07]} 4. Nxd4 {[%emt 0:00:11]} Bc5 {[%emt 0:00:07]} 5. Be3 {[%emt 0:00:12]} Qf6 {[%emt 0:00:38]} 6. c3 {[%emt 0:00:11]} Nge7 {[%emt 0:00:39]} 7. Bc4 {[%emt 0:00:21]} O-O {[%emt 0:00:15]} 8. O-O {[%emt 0:01:21]} b6 {[%emt 0:00:32]} 9. Nc2 {[%emt 0:04:28]} Ne5 {[%emt 0:00:41]} 10. Be2 {[%emt 0:01:18]} Bb7 {[%emt 0:05:43]} 11. Nd2 {[%emt 0:08:55]} Bxe3 {[%emt 0:06:56]} 12. Nxe3 {[%emt 0:00:41]} N5g6 {[%emt 0:00:17]} 13. g3 {[%emt 0:07:14]} d5 {[%emt 0:06:41]} 14. Bf3 {[%emt 0:04:34]} Rad8 {[%emt 0:12:46]} 15. Bg2 {[%emt 0:14:31]} dxe4 {[%emt 0:06:34]} 16. Qc2 {[%emt 0:00:15]} Ne5 {[%emt 0:03:50]} 17. Nxe4 {[%emt 0:02:06]} Nf3+ {[%emt 0:00:40]} 18. Kh1 {[%emt 0:06:48]} Bxe4 {[%emt 0:00:58]} 19. Qxe4 {[%emt 0:00:22]} Nd2 {[%emt 0:00:13]} 20. Qc2 {[%emt 0:10:22]} Nxf1 {[%emt 0:00:12]} 21. Rxf1 {[%emt 0:00:04]} Rfe8 {[%emt 0:06:08]} 22. Kg1 {[%emt 0:02:02]} h6 {[%emt 0:03:14]} 23. a3 {[%emt 0:03:35]} Ng6 {[%emt 0:08:35]} 24. Qa4 {[%emt 0:02:21]} a5 {[%emt 0:04:42]} 25. Nd5 {[%emt 0:03:30]} Qd6 {[%emt 0:05:39]} 26. b4 {[%emt 0:01:49]} axb4 {[%emt 0:08:54]} 27. axb4 {[%emt 0:03:32]} Ne7 {[%emt 0:04:01]} 28. Ne3 {[%emt 0:01:47]} Qe5 {[%emt 0:03:10]} 29. c4 {[%emt 0:02:25]} Nf5 {[%emt 0:01:12]} 30. Nd5 {[%emt 0:01:16]} Nd4 {[%emt 0:01:28]} 31. b5 {[%emt 0:03:31]} Ne2+ {[%emt 0:02:01]} 32. Kh1 {[%emt 0:00:19]} Nc3 {[%emt 0:00:31]} 33. Qb3 {[%emt 0:10:16]} Nxd5 {[%emt 0:01:40]} 34. Bxd5 {[%emt 0:00:04]} Rd6 {[%emt 0:02:16]} 35. Kg1 {[%emt 0:01:30]} Rf6 {[%emt 0:00:33]} 36. Qd3 {[%emt 0:02:18]} g6 {[%emt 0:00:50]} 37. Rd1 {[%emt 0:02:41]} Kg7 {[%emt 0:00:25]} 38. Rf1 {[%emt 0:01:08]} h5 {[%emt 0:00:27]} 39. f4 {[%emt 0:00:39]} Qe3+ {[%emt 0:00:36]} 40. Qxe3 {[%emt 0:00:10]} Rxe3 {[%emt 0:00:02]} 41. Kf2 {[%emt 0:30:51]} Ra3 {[%emt 0:07:37]} 42. h4 {[%emt 0:00:00]} Rd6 {[%emt 0:02:25]} 43. Rd1 {[%emt 0:00:00]} Kf8 {[%emt 0:04:36]} 44. Rd2 {[%emt 0:00:00]} Rd7 {[%emt 0:01:23]} 45. Kg2 {[%emt 0:00:00]} Re7 {[%emt 0:03:27]} 46. Kh2 {[%emt 0:00:00]} Ree3 {[%emt 0:00:55]} 47. Rg2 {[%emt 0:00:00]} Ke7 {[%emt 0:01:40]} 48. Kh3 {[%emt 0:00:00]} Rac3 {[%emt 0:00:50]} 49. Kh2 {[%emt 0:00:00]} Kf6 {[%emt 0:00:58]} 50. Kh3 {[%emt 0:00:00]} Re1 {[%emt 0:02:01]} 51. Kh2 {[%emt 0:00:00]} Rec1 {[%emt 0:03:30]} 52. Rb2 {[%emt 0:00:00]} R3c2+ {[%emt 0:01:15]} 53. Rxc2 {[%emt 0:00:00]} Rxc2+ {[%emt 0:00:10]} 54. Kh3 {[%emt 0:00:00]} Ke7 {[%emt 0:02:15]} 55. Bf3 {[%emt 0:00:00]} Rxc4 {[%emt 0:00:38]} 56. Be2 {[%emt 0:00:00]} Rc2 {[%emt 0:00:53]} 57. Bd3 {[%emt 0:00:00]} Rb2 {[%emt 0:00:21]} 58. Bc4 {[%emt 0:00:00]} Rb4 {[%emt 0:03:55]} 59. Bd3 {[%emt 0:00:00]} Kd6 {[%emt 0:00:33]} 60. Be2 {[%emt 0:00:00]} Kc5 {[%emt 0:00:52]} 61. f5 {[%emt 0:00:00]} Kd4 {[%emt 0:00:40]} 62. fxg6 {[%emt 0:00:00]} fxg6 {[%emt 0:00:02]} 63. Bf1 {[%emt 0:00:00]} Ke3 {[%emt 0:00:23]} 64. Kh2 {[%emt 0:00:00]} Rb2+ {[%emt 0:00:29]} 65. Kh3 {[%emt 0:00:00]} Kf2 {[%emt 0:00:47]} 66. Bc4 {[%emt 0:00:00]} Kg1 {[%emt 0:00:17]} 67. g4 {[%emt 0:00:00]} Rc2 {[%emt 0:00:54]} 68. gxh5 {[%emt 0:00:17]} gxh5 {[%emt 0:00:42]} 0-1

[Event "FIDE Zonal 2.5-W 2019"]
[Site "Montevideo"]
[Date "2019.04.16"]
[Round "5.5"]
[White "Meza, Anahi"]
[Black "Nejanky, Maisa"]
[Result "0-1"]
[WhiteElo "2073"]
[BlackElo "2000"]
[Annotator "NA"]
[PlyCount "72"]
[EventDate "2019.04.13"]
[EventType "swiss"]
[EventCountry "URU"]
[SourceTitle "playchess.com"]
[Source "ChessBase"]
[SourceQuality "1"]
[TimeControl "40/5400+30:1800+30"]

1. d4 {[%emt 0:00:00]} Nf6 {[%emt 0:00:00]} 2. c4 {[%emt 0:00:00]} e5 3. dxe5 {[%emt 0:00:18]} Ng4 {[%emt 0:00:00]} 4. Nf3 Bc5 {[%emt 0:02:27]} 5. e3 {[%emt 0:01:38]} Nc6 {[%emt 0:12:23]} 6. Nc3 Ngxe5 7. Nxe5 {[%emt 0:23:06]} Nxe5 {[%emt 0:00:37]} 8. Be2 {[%emt 0:03:15]} O-O {[%emt 0:16:56]} 9. O-O {[%emt 0:15:16]} Re8 {[%emt 0:40:11]} 10. f4 {[%emt 0:03:08]} Nc6 {[%emt 0:10:06]} 11. f5 {[%emt 0:04:52]} a5 {[%emt 0:09:33]} 12. f6 Re6 13. Nd5 {[%emt 0:10:02]} g6 {[%emt 0:03:07]} 14. Bg4 {[%emt 0:07:41]} Re8 {[%emt 0:00:38]} 15. Qf3 {[%emt 0:03:47]} Ra6 {[%emt 0:00:55]} 16. Qg3 {[%emt 0:05:14]} Ne5 {[%emt 0:00:20]} 17. Kh1 {[%emt 0:02:08]} Bf8 {[%emt 0:00:37]} 18. e4 {[%emt 0:05:13]} Nxg4 {[%emt 0:00:25]} 19. Qxg4 {[%emt 0:00:02]} Rae6 {[%emt 0:00:06]} 20. Bg5 {[%emt 0:03:32]} Rxe4 {[%emt 0:01:07]} 21. Ne7+ {[%emt 0:01:53]} Qxe7 {[%emt 0:00:10]} 22. fxe7 {[%emt 0:01:31]} Rxg4 {[%emt 0:00:09]} 23. exf8=Q+ Kxf8 {[%emt 0:00:10]} 24. Bf4 {[%emt 0:05:08]} Re2 {[%emt 0:01:16]} 25. g3 {[%emt 0:04:00]} b6 {[%emt 0:00:37]} 26. Rfe1 {[%emt 0:00:10]} Bb7+ {[%emt 0:00:31]} 27. Kg1 {[%emt 0:00:01]} Rg2+ {[%emt 0:00:11]} 28. Kf1 {[%emt 0:00:01]} Rxf4+ {[%emt 0:00:11]} 29. gxf4 {[%emt 0:00:15]} Rxb2 {[%emt 0:01:05]} 30. Re2 {[%emt 0:01:37]} Rxe2 {[%emt 0:00:14]} 31. Kxe2 {[%emt 0:00:01]} Ba6 {[%emt 0:00:06]} 32. Kd3 {[%emt 0:01:35]} d5 {[%emt 0:00:09]} 33. Rc1 {[%emt 0:00:35]} Bxc4+ {[%emt 0:00:28]} 34. Kd4 {[%emt 0:00:02]} c5+ {[%emt 0:00:14]} 35. Ke5 {[%emt 0:00:05]} Ke7 {[%emt 0:00:15]} 36. a4 {[%emt 0:00:47]} f6# {Kd4} 0-1

[Event "FIDE Zonal 2.5-W 2019"]
[Site "Montevideo"]
[Date "2019.04.16"]
[Round "5.6"]
[White "Podesta, Sofia"]
[Black "Malan, Lucia"]
[Result "1/2-1/2"]
[WhiteElo "1417"]
[BlackElo "1877"]
[Annotator "NA"]
[PlyCount "125"]
[EventDate "2019.04.13"]
[EventType "swiss"]
[EventCountry "URU"]
[SourceTitle "playchess.com"]
[Source "ChessBase"]
[SourceQuality "1"]
[TimeControl "40/5400+30:1800+30"]

1. d4 {[%emt 0:00:00]} d5 {[%emt 0:00:00]} 2. Nf3 {[%emt 0:00:00]} Nf6 {[%emt 0:00:00]} 3. Bg5 {[%emt 0:00:00]} e6 {[%emt 0:01:24]} 4. e3 Be7 {[%emt 0:01:07]} 5. Bd3 {[%emt 0:01:02]} O-O {[%emt 0:02:18]} 6. O-O {[%emt 0:00:22]} c5 {[%emt 0:06:35]} 7. c3 {[%emt 0:00:17]} c4 8. Bc2 Nc6 {[%emt 0:00:51]} 9. Nbd2 {[%emt 0:01:18]} b5 {[%emt 0:06:46]} 10. Qe2 Re8 {[%emt 0:11:33]} 11. Ne5 {[%emt 0:02:35]} Nxe5 {[%emt 0:02:06]} 12. dxe5 {[%emt 0:00:16]} Nd7 13. Bxe7 {[%emt 0:00:11]} Qxe7 {[%emt 0:00:49]} 14. f4 {[%emt 0:00:32]} Bb7 {[%emt 0:02:57]} 15. Qh5 {[%emt 0:01:57]} g6 {[%emt 0:02:44]} 16. Qh6 {[%emt 0:01:15]} Qf8 {[%emt 0:00:29]} 17. Qh4 {[%emt 0:01:55]} f6 18. exf6 {[%emt 0:05:56]} Qxf6 {[%emt 0:02:01]} 19. Qg4 {[%emt 0:02:30]} Qg7 {[%emt 0:04:00]} 20. h4 {[%emt 0:00:35]} Re7 {[%emt 0:05:29]} 21. Nf3 {[%emt 0:04:46]} e5 22. Ng5 {[%emt 0:12:45]} Nf6 {[%emt 0:07:22]} 23. Qg3 Nh5 {[%emt 0:04:34]} 24. Qg4 {[%emt 0:01:02]} exf4 {[%emt 0:02:12]} 25. exf4 {[%emt 0:00:39]} Rae8 {[%emt 0:03:05]} 26. f5 Nf6 {[%emt 0:08:39]} 27. Qd4 {[%emt 0:07:38]} gxf5 {[%emt 0:05:11]} 28. Bxf5 {[%emt 0:00:20]} h6 29. Nf3 {[%emt 0:18:45]} Ne4 {[%emt 0:05:23]} 30. Qxg7+ {[%emt 0:01:18]} Rxg7 {[%emt 0:00:07]} 31. Nd4 {[%emt 0:01:10]} Ng3 {[%emt 0:07:47]} 32. Be6+ {[%emt 0:00:46]} Kh7 {[%emt 0:02:05]} 33. Rf6 {[%emt 0:03:02]} Ne4 {[%emt 0:02:35]} 34. Bf5+ {[%emt 0:01:55]} Kg8 {[%emt 0:01:00]} 35. Rxh6 {[%emt 0:00:44]} Bc8 {[%emt 0:03:03]} 36. Bxc8 {[%emt 0:00:52]} Rxc8 {[%emt 0:00:04]} 37. Rf1 {[%emt 0:00:25]} Ng3 {[%emt 0:02:12]} 38. Rff6 {[%emt 0:00:47]} Re8 {[%emt 0:01:03]} 39. Re6 {[%emt 0:00:16]} Rf8 {[%emt 0:00:52]} 40. Rhf6 {[%emt 0:00:15]} Rb8 {[%emt 0:00:56]} 41. Rg6 {[%emt 0:30:54]} Ne4 {[%emt 0:02:27]} 42. Rxg7+ {[%emt 0:00:00]} Kxg7 {[%emt 0:00:05]} 43. Re5 {[%emt 0:00:00]} b4 {[%emt 0:02:33]} 44. Rxd5 {[%emt 0:00:00]} bxc3 {[%emt 0:00:12]} 45. bxc3 {[%emt 0:00:00]} Nxc3 {[%emt 0:00:31]} 46. Rc5 {[%emt 0:00:00]} Nxa2 {[%emt 0:00:15]} 47. Rxc4 {[%emt 0:00:00]} Rb4 {[%emt 0:02:18]} 48. Rc7+ {[%emt 0:00:00]} Kf6 {[%emt 0:00:28]} 49. Rxa7 {[%emt 0:00:00]} Rxd4 {[%emt 0:00:04]} 50. Rxa2 {[%emt 0:00:00]} Rxh4 {[%emt 0:00:03]} 51. Ra5 {[%emt 0:00:00]} Kg6 {[%emt 0:00:53]} 52. g3 {[%emt 0:00:00]} Rb4 {[%emt 0:00:13]} 53. Kh2 {[%emt 0:00:00]} Rd4 {[%emt 0:02:26]} 54. Kh3 {[%emt 0:00:00]} Rc4 {[%emt 0:00:25]} 55. g4 {[%emt 0:00:00]} Rb4 {[%emt 0:01:04]} 56. Kh4 {[%emt 0:00:00]} Rb6 {[%emt 0:00:13]} 57. Ra8 {[%emt 0:00:00]} Kh6 {[%emt 0:01:26]} 58. g5+ {[%emt 0:00:00]} Kg6 {[%emt 0:00:34]} 59. Rg8+ {[%emt 0:00:00]} Kh7 {[%emt 0:00:18]} 60. Re8 {[%emt 0:00:00]} Kg6 {[%emt 0:00:06]} 61. Re5 {[%emt 0:00:00]} Rb4+ {[%emt 0:00:23]} 62. Kg3 {[%emt 0:00:00]} Rb3+ {[%emt 0:00:12]} 63. Kf2 {[%emt 0:00:00]} 1/2-1/2

[Event "FIDE Zonal 2.5-W 2019"]
[Site "Montevideo"]
[Date "2019.04.16"]
[Round "5.7"]
[White "Reyes Jara, Paula"]
[Black "Silva Rosas, Natalia"]
[Result "1-0"]
[WhiteElo "1926"]
[BlackElo "1809"]
[Annotator "NA"]
[PlyCount "94"]
[EventDate "2019.04.13"]
[EventType "swiss"]
[EventCountry "URU"]
[SourceTitle "playchess.com"]
[Source "ChessBase"]
[SourceQuality "1"]
[TimeControl "40/5400+30:1800+30"]

1. e4 {[%emt 0:04:19]} c5 {[%emt 0:00:00]} 2. Nf3 {[%emt 0:01:45]} e6 {[%emt 0:00:00]} 3. d4 cxd4 {[%emt 0:00:00]} 4. Nxd4 {[%emt 0:00:37]} a6 {[%emt 0:00:00]} 5. Be3 {[%emt 0:05:55]} Qc7 {[%emt 0:01:11]} 6. c4 {[%emt 0:01:25]} Nf6 {[%emt 0:05:24]} 7. Bd3 {[%emt 0:01:05]} d6 {[%emt 0:01:50]} 8. O-O {[%emt 0:03:56]} Nbd7 {[%emt 0:03:57]} 9. Nd2 {[%emt 0:00:42]} Ne5 {[%emt 0:02:59]} 10. Be2 {[%emt 0:03:24]} h5 {[%emt 0:03:39]} 11. h3 {[%emt 0:03:34]} Bd7 {[%emt 0:04:54]} 12. Rc1 {[%emt 0:15:51]} Be7 {[%emt 0:06:57]} 13. b4 {[%emt 0:06:16]} Rc8 {[%emt 0:09:26]} 14. a3 {[%emt 0:04:31]} b6 {[%emt 0:04:40]} 15. f4 {[%emt 0:04:39]} Nc6 {[%emt 0:16:22]} 16. N4b3 {[%emt 0:01:41]} e5 {[%emt 0:00:30]} 17. Qe1 {[%emt 0:04:23]} Rb8 18. Qg3 {[%emt 0:01:09]} h4 {[%emt 0:05:02]} 19. Qf2 {[%emt 0:05:21]} Bc8 {[%emt 0:08:32]} 20. Rfd1 Nh5 21. c5 {[%emt 0:08:51]} dxc5 {[%emt 0:02:28]} 22. bxc5 {[%emt 0:02:06]} b5 {[%emt 0:00:20]} 23. f5 {[%emt 0:03:53]} Ng3 {[%emt 0:02:22]} 24. Bd3 {[%emt 0:03:07]} a5 {[%emt 0:01:10]} 25. Nf3 {[%emt 0:00:33]} a4 {[%emt 0:00:41]} 26. Nbd2 {[%emt 0:01:11]} Ba6 {[%emt 0:02:14]} 27. Nf1 {[%emt 0:01:06]} Nxf1 {[%emt 0:01:44]} 28. Qxf1 {[%emt 0:00:15]} Qa7 {[%emt 0:01:38]} 29. Rd2 {[%emt 0:02:54]} Rb7 {[%emt 0:02:59]} 30. Rb2 {[%emt 0:00:18]} Qb8 {[%emt 0:00:15]} 31. Rcb1 {[%emt 0:00:25]} Na7 {[%emt 0:01:48]} 32. Qe1 {[%emt 0:00:48]} Qc7 {[%emt 0:00:58]} 33. Qc3 {[%emt 0:00:20]} f6 {[%emt 0:01:56]} 34. Bf2 {[%emt 0:01:12]} b4 {[%emt 0:01:18]} 35. axb4 {[%emt 0:00:50]} Bxd3 {[%emt 0:00:31]} 36. Qxd3 {[%emt 0:00:05]} Nb5 {[%emt 0:00:48]} 37. Nxh4 {[%emt 0:03:00]} a3 {[%emt 0:01:54]} 38. Ra2 {[%emt 0:00:10]} O-O {[%emt 0:05:28]} 39. Ng6 {[%emt 0:03:01]} Rd8 {[%emt 0:01:03]} 40. Qb3+ {[%emt 0:02:08]} Kh7 {[%emt 0:00:19]} 41. Qg3 {[%emt 0:30:29]} Qc6 {[%emt 0:31:25]} 42. Qh4+ {[%emt 0:03:13]} Kg8 {[%emt 0:00:01]} 43. Rb3 {[%emt 0:00:00]} Qd7 {[%emt 0:00:00]} 44. Rg3 {[%emt 0:00:00]} Qd1+ {[%emt 0:00:00]} 45. Kh2 {[%emt 0:00:00]} Qb1 {[%emt 0:00:00]} 46. Qh8+ {[%emt 0:00:00]} Kf7 {[%emt 0:00:00]} 47. Nxe5+ {[%emt 0:00:00]} fxe5 {[%emt 0:00:00]} 1-0

[Event "FIDE Zonal 2.5-W 2019"]
[Site "Montevideo"]
[Date "2019.04.16"]
[Round "6.1"]
[White "Perez Rodriguez, Jennifer"]
[Black "Vargas, Gabriela"]
[Result "0-1"]
[WhiteElo "2237"]
[BlackElo "2130"]
[Annotator "TA"]
[PlyCount "112"]
[EventDate "2019.04.13"]
[EventType "swiss"]
[EventCountry "URU"]
[SourceTitle "playchess.com"]
[Source "ChessBase"]
[SourceQuality "1"]

{[%evp 24,112,22,25,40,25,25,22,22,23,23,24,23,24,34,39,46,42,95,100,103,100,106,102,176,175,187,189,175,193,150,127,139,127,127,0,0,0,0,0,0,-541,-528,-495,-133,-144,-152,-175,-192,-204,-185,-358,-370,-360,-354,-321,-162,-361,-358,-333,-327,-992,-1103,-1036,-1041,-925,-1041,-984,-900,-1337,-1087,-2434,-1992,-4133,-2354,-29976,-29977,-29976,-29949,-29980,-29981,-29981,-29982,-29983,-29984,-29988,-29988,-29988,-29989,-29989,-29990]} 1. Nf3 d5 2. c4 e6 3. g3 Nf6 4. Bg2 c6 5. Qc2 Nbd7 6. O-O Be7 7. d4 O-O 8. Nbd2 b6 9. b3 Bb7 10. Bb2 Rc8 11. e4 dxe4 12. Nxe4 Nxe4 13. Qxe4 Nf6 {E09: Closed Catalan: Main Line: 7 Qc2 c6 8 Nbd2} 14. Qe2 (14. Qc2 c5 15. Rad1 cxd4 16. Rxd4 Qc7 17. Rfd1 Rfd8 18. Qe2 h6 19. Ne5 Rxd4 20. Rxd4 Bxg2 21. Kxg2 {1-0 (69) Mamedyarov,S (2772)-Vitiugov,N (2731) Sochi 2017}) 14... c5 15. Rad1 cxd4 {The position is equal.} 16. Rxd4 Qc7 17. Ne5 Bxg2 18. Kxg2 Bd6 $146 ({Predecessor:} 18... Rcd8 19. Rfd1 h6 20. Rxd8 Rxd8 21. Rxd8+ Qxd8 22. Qf3 Qc8 23. a4 Kf8 24. Nc6 Qb7 25. b4 Ne8 26. b5 f6 {½-½ (26) Bellin,J (2265)-Maric,A (2230) Dubai 1986}) 19. Rd3 Rfd8 20. Rfd1 Be7 (20... Bc5 $14) 21. Rxd8+ $16 Rxd8 22. Rxd8+ Qxd8 23. Qf3 h6 {[#]} (23... Bd6 $16) 24. Qb7 $1 $18 Qd2 25. Qxe7 Qxb2 26. Qxf7+ Kh7 27. Ng6 {Hoping for Nf8+.} Qc2 28. Nf8+ {[%mdl 64] Double Attack} Kh8 29. Qg6 ({Much weaker is} 29. Nxe6 $6 Qe4+ 30. f3 Qc2+ 31. Kh1 Qc1+ 32. Kg2 Qc2+ 33. Kh3 Qf5+ 34. Kg2 Qc2+ $11) ({Only move:} 29. Qxe6 $16 Qxa2 30. Ng6+ Kh7 31. Nf4) 29... Qe2 $36 {[%mdl 2048] ...Kg8 is the strong threat. Black has good play.} 30. Qb1 Kg8 {And now ...Ng4 would win.} 31. Ng6 Ng4 32. Ne7+ $2 {[%mdl 8192]} (32. Nf4 $11 Qxf2+ 33. Kh3 Nxh2 34. Qg6) 32... Kf7 $19 33. Qg6+ Kxe7 $2 (33... Kf8 $19 {and Black stays clearly on top.} 34. Nd5 Qxf2+ 35. Kh3 Ne5) 34. Qxg7+ $17 {[#]} Ke8 $1 35. Qg8+ {[#]} Kd7 $1 36. Qf7+ Kc6 37. Qe8+ $2 {[#]} (37. h3 {was worth a try.} Ne3+ 38. Kh2) 37... Kc5 $1 $19 38. Qf8+ Kd4 {( -> ...Ne3+)} 39. Qf4+ Kd3 (39... Kc3 $142 {Strongly threatening ...e5.} 40. h3 Ne5 41. Qc1+ Kd3) 40. h3 $2 (40. c5 {was forced.} bxc5 41. Qd6+ Kc2 42. Qxc5+ Kb1 43. Qxa7) 40... Ne5 41. g4 Qe4+ 42. Kg3 $2 (42. Qxe4+ Kxe4 43. Kg3) 42... Qxf4+ 43. Kxf4 {[%mdl 4096] Endgame KN-KP} Ng6+ 44. Kg3 e5 45. h4 Nf4 46. h5 Ne6 47. Kf3 a5 48. a3 Kd4 49. b4 axb4 {Black mates.} 50. axb4 e4+ 51. Kg3 Kxc4 52. g5 Nxg5 53. Kf4 Kd3 54. b5 Ke2 55. Kf5 Kxf2 56. Kg6 e3 {Accuracy: White = 34%, Black = 59%.} 0-1

[Event "FIDE Zonal 2.5-W 2019"]
[Site "Montevideo"]
[Date "2019.04.16"]
[Round "6.2"]
[White "Zuriel, Marisa"]
[Black "Fernandez, Maria Florencia"]
[Result "1/2-1/2"]
[WhiteElo "2153"]
[BlackElo "2227"]
[Annotator "TA"]
[PlyCount "53"]
[EventDate "2019.04.13"]
[EventType "swiss"]
[EventCountry "URU"]
[SourceTitle "playchess.com"]
[Source "ChessBase"]
[SourceQuality "1"]

{[%evp 10,53,33,13,52,59,57,32,24,31,33,26,30,29,35,24,16,0,5,14,13,18,25,29,29,25,24,24,28,23,26,18,33,28,41,29,34,0,2,0,0,0,7,4,17,5]} 1. e4 e6 2. d4 d5 3. exd5 exd5 4. Nf3 Nf6 5. Bd3 Nc6 6. c3 Bg4 {C01: French: Exchange Variation} 7. O-O Be7 8. Bg5 (8. Re1 O-O 9. Bg5 h6 10. Bh4 Ne8 11. Bg3 Bd6 12. Nbd2 Bxg3 13. hxg3 Nf6 {1-0 (56) Arizmendi Martinez,J (2507)-Perez Tores,J (2218) Linares 2018}) 8... O-O {White is slightly better.} 9. Nbd2 h6 10. Bh4 Nh5 11. Bxe7 Qxe7 12. h3 Nf4 {White should prevent ...Bxh3.} 13. Qc2 $146 ({Predecessor:} 13. hxg4 Nxd3 14. Qc2 Nf4 15. Qf5 Qd6 16. g3 Ng6 {1-0 (43) Afana,A (2086)-Pindado Campos,R (2057) Madrid 2017}) 13... Nxd3 14. Qxd3 Bxf3 15. Nxf3 Qd6 16. Rfe1 Rfe8 17. Re3 Rxe3 18. Qxe3 Ne7 19. Re1 Ng6 20. g3 a5 21. h4 Qf6 22. Kg2 Qf5 23. Ne5 Re8 {The position is equal.} 24. Qf3 Qxf3+ 25. Nxf3 Rxe1 26. Nxe1 Kf8 27. Nc2 {Accuracy: White = 46%, Black = 58%.} 1/2-1/2

[Event "FIDE Zonal 2.5-W 2019"]
[Site "Montevideo"]
[Date "2019.04.16"]
[Round "6.3"]
[White "Gomez Barrera, Javiera Belen"]
[Black "Sarquis, Maria Belen"]
[Result "1-0"]
[WhiteElo "2016"]
[BlackElo "2141"]
[Annotator "TA"]
[PlyCount "67"]
[EventDate "2019.04.13"]
[EventType "swiss"]
[EventCountry "URU"]
[SourceTitle "playchess.com"]
[Source "ChessBase"]
[SourceQuality "1"]

{[%evp 25,67,0,0,-7,13,-5,40,-77,-83,-67,73,58,59,60,61,71,65,45,49,50,79,81,112,108,108,105,306,304,306,295,692,424,412,420,411,402,396,322,320,329,317,322,410,289]} 1. e4 e5 2. Nf3 Nc6 3. Bb5 a6 4. Ba4 Nf6 5. d3 b5 6. Bb3 Be7 7. c3 d6 8. O-O Na5 9. Bc2 c5 10. Re1 O-O 11. Nbd2 Re8 12. Nf1 h6 13. h3 Nc6 14. Ng3 {C90: Closed Ruy Lopez with 7...d6: Early deviations} Bf8 (14... Be6 15. d4 exd4 16. cxd4 cxd4 17. Nxd4 Nxd4 18. Qxd4 Rc8 19. Bb3 d5 20. exd5 Nxd5 21. Ne4 Qd7 22. Bd2 Qb7 {0-1 (67) Predke,A (2622)-Matlakov,M (2700) St Petersburg 2018}) 15. Nh2 d5 16. Ng4 $146 (16. exd5 $1 $14 Qxd5 17. Ng4 Nxg4 18. hxg4) ({Predecessor:} 16. Qf3 Be6 17. Nf5 Nh7 18. Ng4 Kh8 19. Bb3 dxe4 20. dxe4 Bxb3 21. axb3 Na5 22. c4 bxc4 23. bxc4 {½-½ (59) Kuklin,V (2380)-Galdunts,S (2424) Germany 2018}) 16... Nxg4 $17 17. hxg4 Be7 (17... d4 $1 $15 {stays ahead.}) 18. exd5 $16 Qxd5 19. Bb3 Qd7 20. Qf3 $36 {[%mdl 2048] White has strong initiative.} Bf8 21. Bd5 Bb7 22. Be4 Na5 23. g5 Bxe4 24. Rxe4 ({Don't play} 24. Nxe4 hxg5 25. Bxg5 Qc6 $14) 24... hxg5 25. Bxg5 {And now Rh4 would win.} f6 $2 {[#]} (25... Qc6 $16 {was necessary.}) 26. Bxf6 $1 $18 {[%mdl 512]} gxf6 27. Nh5 Be7 $2 {[#]} ({Wrong is} 27... Bg7 $2 28. Rg4 $18) (27... Re6 28. Rg4+ {[%mdl 64] Discovered Attack} (28. Nxf6+ Rxf6 29. Qxf6 Bg7 $16) 28... Kf7) 28. Qxf6 $1 {[%mdl 512]} Bxf6 29. Nxf6+ Kg7 30. Nxd7 c4 31. Nxe5 cxd3 32. Rg4+ Kf6 33. Nxd3 Re2 34. Re1 {Accuracy: White = 47%, Black = 30%.} 1-0

[Event "FIDE Zonal 2.5-W 2019"]
[Site "Montevideo"]
[Date "2019.04.16"]
[Round "6.4"]
[White "Nejanky, Maisa"]
[Black "Amura, Claudia"]
[Result "0-1"]
[WhiteElo "2000"]
[BlackElo "2260"]
[Annotator "TA"]
[PlyCount "88"]
[EventDate "2019.04.13"]
[EventType "swiss"]
[EventCountry "URU"]
[SourceTitle "playchess.com"]
[Source "ChessBase"]
[SourceQuality "1"]

{[%evp 11,88,-10,66,34,40,23,56,35,52,52,39,47,51,47,40,51,58,51,56,52,94,76,138,115,163,161,159,180,213,203,172,112,101,79,105,116,134,111,200,177,189,131,183,178,182,181,173,137,208,119,118,108,163,13,54,-256,-249,-288,-287,-282,-281,-275,-248,-252,-267,-398,-375,-489,-225,-413,-248,-609,-588,-1170,-1188,-1942,-1763,-29984,-1699]} 1. e4 c5 2. Nf3 Nc6 3. d4 cxd4 4. Nxd4 g6 5. Nxc6 bxc6 6. Qd4 f6 {LiveBook: 5 Games} ({Black should try} 6... Nf6 $11) 7. c4 {B34: Sicilian: Accelerated Dragon with 5 Nc3: sidelines} (7. Bc4 Qb6 8. Qd3 Bh6 9. Nd2 e6 10. O-O Ne7 11. Qc3 O-O 12. Bxe6+ Kg7 13. Bh3 d5 14. Bxc8 Raxc8 15. Qh3 Bf4 {0-1 (40) Khukhashvili,S (2438)-Khurtsidze,N (2414) Tbilisi 2010}) 7... Nh6 8. Be2 Nf7 $146 ({Predecessor:} 8... Bg7 9. O-O O-O 10. c5 f5 11. e5 Nf7 12. Bc4 Qc7 13. Bxf7+ Rxf7 14. Re1 Ba6 {1-0 (44) Poliak,A-Simagin,V Tula 1950}) 9. Be3 {White is slightly better.} Qa5+ 10. Nc3 Bg7 11. O-O O-O 12. Qd2 d6 13. a3 f5 14. exf5 $1 Bxf5 15. b4 {[%cal Bb2b4,Bb4b5][%mdl 32]} Qe5 16. Rac1 h5 (16... Qe6 $142) 17. f4 $16 Qf6 18. Bf3 Rac8 19. b5 c5 20. Nd5 $1 {[%cal Rd5f6]} Qe6 21. Rfe1 (21. Bf2 $18 Qd7 22. Bh4) 21... Qd7 22. a4 e6 23. Nc3 {[%cal Bd5c3,Bc3e2,Be2g3,Bg3e4][%mdl 32]} Qc7 24. Ne2 Bg4 (24... h4 $16 {keeps fighting.}) 25. Bxg4 $18 hxg4 26. Qc2 ({Better is} 26. Ng3 $18) 26... Kh7 (26... Nh6 $16 {is a better defense.}) 27. Ng3 Rfe8 28. Qe2 Nh6 29. Ne4 Re7 (29... d5 $16 {might work better.}) 30. Rcd1 (30. Bf2 $18) 30... d5 $16 31. Ng5+ ({Much worse is} 31. cxd5 $6 exd5 32. Ng5+ (32. Nxc5 $2 d4 $19) 32... Kh8 $11) (31. Nxc5 $6 d4 $11) 31... Kh8 (31... Kg8 $16) 32. Bc1 ({Stronger than} 32. cxd5 exd5 33. Rxd5 Rce8 $11) (32. Bf2 $1 $18 d4 33. Nxe6) 32... Rce8 33. cxd5 $2 {[%mdl 8192]} (33. h3 $14 {stays ahead.}) 33... exd5 $19 34. Qf1 Bd4+ 35. Kh1 Qa5 {[%cal Re7e1]} 36. Rxe7 Rxe7 37. Bd2 Qxa4 38. Rc1 (38. Re1 {was called for.} Rxe1 39. Qxe1) 38... c4 39. f5 gxf5 (39... Nxf5 $142 40. Qf4 Qa3) 40. Nf3 $2 (40. Qf4 Be5 41. Qf2) 40... Be3 41. Bc3+ $2 (41. Bxe3 Rxe3 42. Nd4) 41... Kg8 42. Qe1 gxf3 43. Qg3+ Kh7 44. Ra1 {[#]} f2 {Precision: White = 39%, Black = 31%.} (44... Qxa1+ $142 $1 45. Bxa1 f2 46. Qf3 {[#]} Bd4 $1 {[%mdl 512]} 47. Qxf2 Bxf2 48. Bc3 d4 49. Bb4 c3 $1 {[%mdl 512]} 50. g4 c2 $1 {[%mdl 512]} 51. Ba3 d3 52. Bc1 fxg4 53. h3 Re2 54. hxg4 Bd4 55. g5 d2 56. g6+ Kxg6 57. Bxd2 Rxd2 58. b6 c1=Q#) 0-1